| 000 | 01085nam a22003257a 4500 | ||
|---|---|---|---|
| 003 | CHAP | ||
| 005 | 20220329140109.0 | ||
| 008 | 971013s1940 r 00010 d | ||
| 010 | _a46931 | ||
| 011 | _a47903 | ||
| 035 | _a52046 | ||
| 040 | _cCHAP | ||
| 090 | _aTesis | ||
| 100 | 0 | 0 |
_aSalazar Rangel, Cuauhtémoc. _9101429 |
| 245 | _aCultivo de la caña de azúcar en el estado de Morelos, región de Lagunillas, mpio. de Tlalquiltenango de Juárez | ||
| 260 |
_aChapingo, Méx. : _bEl autor, _c1940 |
||
| 300 | _a56 h. | ||
| 502 | _aTesis (Ing. Agr. Esp. en Fitotecnia) --ENA | ||
| 590 |
_aALEPH _b10 _c20130110 _lUCH01 _h1316 |
||
| 590 |
_aBATCH-UPD _b10 _c20130110 _lUCH01 _h2057 |
||
| 590 |
_aBATCH-UPD _b10 _c20130410 _lUCH01 _h1409 |
||
| 590 |
_aBATCH-UPD _b10 _c20130914 _lUCH01 _h0836 |
||
| 590 |
_aCONVERSION _b10 _c20130109 _lUCH01 _h1326 |
||
| 650 | 1 | 4 |
_aCaña de azúcar _xMorelos. _918633 |
| 901 | _aBK | ||
| 942 | _cFOLL | ||
| 949 |
_bBC _cTES _d-116152 _eTS1 _i52046 _si |
||
| 949 |
_bBC _cTES _d-116153 _eTS2 _fc.2 _i52046 _si |
||
| 949 |
_bBC _cTES _d-116154 _eTS2 _fc.3 _i52046 _si |
||
| 999 |
_c46931 _d46931 |
||